Music Quiz

Random Music or Song Quiz

3 Songs, 1 Missing Word VIII Quiz Stats

 Plays Quiz Updated Jul 21, 2017

Support Sporcle.
Go Orange.
Score 0/33 Timer 05:00
42 Plays Today
% Correct
Stop
96.6%
Fun
96.5%
Lie
96.4%
Last
96.4%
Magic
96%
Heaven
96%
Where
95.9%
Hot
95.5%
Around
95.5%
Jack
95.5%
Moon
95.4%
Side
95.4%
That's
95.1%
Hey
95%
Black
94.9%
Nine
94.5%
Bomb
94.5%
% Correct
Stone
94.2%
Light
94%
Welcome
93.9%
Son
93.7%
Higher
93.2%
Family
93.1%
Close
92.5%
Horse
92.3%
Yourself
92%
Thing
91.9%
Things
91.6%
Tears
90.9%
Fever
90.4%
White
89.1%
City
85.2%
Bed
82.8%

From the Vault

Badly Drawn EU Flags

by NarwhalNukeYT

These flags are so bad, they might make you want to vote 'leave'.
Remove Ads.
Support Sporcle.
Get the best of Sporcle when you Go Orange. This ad-free experience offers more features, more stats, and more fun while also helping to support Sporcle. Thank you for becoming a member.

Show Comments

Extras

Top Quizzes Today


Score Distribution

Your Account Isn't Verified!

In order to create a playlist on Sporcle, you need to verify the email address you used during registration. Go to your Sporcle Settings to finish the process.

Report this User

Report this user for behavior that violates our Community Guidelines.

Details: